| 000 | 00691nam a2200205Ia 4500 | ||
|---|---|---|---|
| 003 | GCL | ||
| 008 | 140319s9999 xx 000 0 ara d | ||
| 040 |
_aGCL / _cGCL |
||
| 082 | 0 | 4 |
_a001.5 _bا ا |
| 100 | 1 | _aانشراح الشال | |
| 245 | 1 | 0 |
_aالاعلام الدولى عبر الاقمار الصناعية : _bدراسة لشبكات التلفزيون / _cانشراح الشال |
| 260 |
_aالقاهرة : _bدار الفكر العربى ، _c1993 |
||
| 300 |
_a399 ص ؛ _c24 سم |
||
| 490 | _a | ||
| 650 | 0 | 4 | _aالاعلام |
| 650 | 0 | 4 | _aوسائل الاعلام |
| 650 | 0 | 4 | _aوكالات الانباء |
| 650 | 0 | 4 | _aوسائل الاتصال |
| 942 |
_2ddc _cBK |
||
| 999 |
_c33159 _d33159 |
||